00277nam a2200121Ia 4500008004100000041000900041082001500050100001800065245001800083260003800101300000800139650000800147230718s9999 xx 000 0 und d aEng. a328bCHA-P aChallen Celes 0aPrice of Powe aPakistanboford univity Prec1998 a198 aLaw